| 000 | 01401nam a22003617a 4500 | ||
|---|---|---|---|
| 003 | CHAP | ||
| 005 | 20220329143527.0 | ||
| 008 | 100408s2008 mx a r 00010 spa d | ||
| 010 | _a98045 | ||
| 011 | _a99017 | ||
| 035 | _a109702 | ||
| 040 | _cCHAP | ||
| 090 | _aTesis | ||
| 100 | 1 |
_aMorales Bedolla, José Adán. _978219 |
|
| 245 | 1 | 0 |
_aCrecimiento y rendimiento de chile habanero en respuesta a la densidad de población y micorriza bajo sombra y fertirriego _c/por José Adán Morales Bedolla |
| 260 |
_aCocula, Gro. : _bEl autor, _c2008 |
||
| 300 |
_a65 h. : _bilus., cuadros, gráfs. |
||
| 502 | _aTesis (Ing. Agr. Fitotecnista) -- Colegio Superior Agropecuario del Estado de Guerrero, Centro de Estudios Profesionales | ||
| 590 |
_aALEPH _b10 _c20130110 _lUCH01 _h1533 |
||
| 590 |
_aBATCH-UPD _b10 _c20130110 _lUCH01 _h1118 |
||
| 590 |
_aBATCH-UPD _b10 _c20130410 _lUCH01 _h0708 |
||
| 590 |
_aBATCH-UPD _b10 _c20130914 _lUCH01 _h0923 |
||
| 590 |
_aCONVERSION _b10 _c20130109 _lUCH01 _h1354 |
||
| 650 | 1 | 4 |
_aChile (Botánica) _xCrecimiento. _922350 |
| 650 | 1 | 4 |
_aChile (Botánica) _xEspaciamiento. _922357 |
| 650 | 1 | 4 |
_aChile habanero _xRendimiento. _922420 |
| 650 | 1 | 4 |
_aDensidad de siembra. _931812 |
| 650 | 1 | 4 |
_aMicorriza. _975486 |
| 650 | 1 | 4 |
_aSombra _xEfecto en plantas. _9108539 |
| 901 | _aBK | ||
| 942 | _cTESIS | ||
| 949 |
_aTesis _bBC _cTES _d33724002117363 _eTS1 _gDonaciØn _h50317 _i109702 _sb |
||
| 999 |
_c98045 _d98045 |
||